[Event "TCh-CHN 2012"]
[Site "Hangzhou CHN"]
[Date "2012.09.22"]
[Round "11"]
[White "Liu, Chang"]
[Black "Liu, Guanchu"]
[Result "1/2-1/2"]
[WhiteElo "2262"]
[BlackElo "2260"]
[WhiteTeam "Guangdong Huateng Club Team"]
[BlackTeam "Chengdu Bank Team"]
[WhiteFideId "8606340"]
[BlackFideId "8603901"]
[EventDate "2012.04.28"]

1. d4 f5 2. Nf3 Nf6 3. g3 g6 4. c3 Bg7 5. Qb3 e6 6. Bg2 Nc6 7. O-O d5 8. Bf4 O-O
9. Ne5 Nxe5 10. Bxe5 Ne4 11. Bxg7 Kxg7 12. Qc2 b6 13. Nd2 Nxd2 14. Qxd2 Ba6 15.
Rfe1 Qd6 16. a4 Bc4 17. a5 c5 18. Qd1 Rac8 19. Qa4 cxd4 20. axb6 axb6 21. cxd4
Ra8 22. Qc2 Qb4 23. Reb1 Ra5 24. b3 Rxa1 25. Rxa1 Qxb3 26. Qxb3 Bxb3 27. Rb1 Bc4
28. Rxb6 Kf6 29. e3 Ra8 30. Rb1 Ra2 31. h4 h6 32. Bf1 1/2-1/2

[Event "TCh-CHN 2012"]
[Site "Hangzhou CHN"]
[Date "2012.09.22"]
[Round "11"]
[White "Gunina, Valentina"]
[Black "Li, Xueyi"]
[Result "1-0"]
[WhiteTitle "IM"]
[WhiteElo "2511"]
[BlackElo "2076"]
[WhiteTeam "Chengdu Bank Team"]
[BlackTeam "Guangdong Huateng Club Team"]
[WhiteFideId "4167570"]
[BlackFideId "8605912"]
[EventDate "2012.04.28"]

1. d4 Nf6 2. c4 e6 3. Nf3 d5 4. Nc3 c6 5. Bg5 dxc4 6. a4 Bb4 7. e4 h6 8. Bxf6
Qxf6 9. Bxc4 c5 10. O-O cxd4 11. Nb5 Qd8 12. Qxd4 Qxd4 13. Nfxd4 Na6 14. Nc2 Be7
15. Rfd1 O-O 16. e5 Nb4 17. Nxb4 Bxb4 18. Rac1 a6 19. Nd6 Bd7 20. Bb3 Bc6 21.
Rd4 Ba5 22. Bd1 f6 23. exf6 Rxf6 24. Ne4 Rf4 25. Rxc6 bxc6 26. g3 Rff8 27. Bb3
Rab8 28. Bxe6+ Kh8 29. b3 Rb4 30. Bc4 Rb7 31. Kg2 Re7 32. f3 Bc7 33. Bxa6 Rd8
34. Rc4 Rd3 35. b4 Rb3 36. Bc8 Rb2+ 37. Kh3 Bb6 38. Bf5 Rc7 39. Nd6 Re2 40. Kg4
g6 41. Be4 h5+ 42. Kg5 Rxh2 43. Kxg6 Rg7+ 44. Kf5 Rg2 45. Rxc6 Be3 46. Rc8+ Rg8
47. Rc7 R8xg3 48. Nf7+ Kg8 49. Ne5 Kh8 50. Kf6 Bg5+ 51. Ke6 Bf4 52. Rh7+ Kg8 53.
Rxh5 Rg5 54. Rxg5+ Bxg5 55. a5 Ra2 56. Bd5 Rd2 1-0

[Event "TCh-CHN 2012"]
[Site "Hangzhou CHN"]
[Date "2012.09.22"]
[Round "11"]
[White "Nie, Xin"]
[Black "Kuang, Yinghui"]
[Result "0-1"]
[BlackTitle "WIM"]
[WhiteElo "2053"]
[BlackElo "2205"]
[WhiteTeam "Chengdu Bank Team"]
[BlackTeam "Guangdong Huateng Club Team"]
[WhiteFideId "8605610"]
[BlackFideId "8600988"]
[EventDate "2012.04.28"]

1. d4 Nf6 2. c4 e6 3. Nc3 d5 4. cxd5 Nxd5 5. e4 Nxc3 6. bxc3 Be7 7. Nf3 O-O 8.
Be2 b6 9. O-O Bb7 10. Qc2 c5 11. Rd1 cxd4 12. cxd4 Nc6 13. a3 Rc8 14. Qd3 Qd6
15. Bb2 Na5 16. Rac1 a6 17. Qe3 h6 18. Rxc8 Rxc8 19. Rc1 Rxc1+ 20. Qxc1 Bxe4 21.
Qc8+ Qd8 22. Qxa6 Qc7 23. Nd2 Qc2 24. Nxe4 Qxb2 25. Qc8+ Bf8 26. Ng3 Qxd4 27.
Nf1 Qb2 28. Bh5 g6 29. Bf3 Qxa3 30. h3 Kg7 31. Qd8 Bc5 32. Ng3 Qa1+ 33. Qd1 Qe5
34. Ne4 Bd4 35. Qa4 Nb7 36. Qc6 Nc5 37. Nxc5 Qe1+ 38. Kh2 Be5+ 0-1

[Event "TCh-CHN 2012"]
[Site "Hangzhou CHN"]
[Date "2012.09.22"]
[Round "11"]
[White "Zhou, Weiqi"]
[Black "Xiu, Deshun"]
[Result "0-1"]
[WhiteTitle "GM"]
[BlackTitle "GM"]
[WhiteElo "2628"]
[BlackElo "2492"]
[WhiteTeam "Jiangsu Taizhou Team"]
[BlackTeam "Beijing AIGO Team"]
[WhiteFideId "8601674"]
[BlackFideId "8603693"]
[EventDate "2012.04.28"]

1. d4 Nf6 2. c4 e6 3. Nf3 d5 4. Nc3 Bb4 5. cxd5 exd5 6. Bg5 Nbd7 7. Rc1 c6 8. a3
Bd6 9. e3 O-O 10. Bd3 Re8 11. O-O Nf8 12. Qb3 Ng6 13. Rce1 Be7 14. Nd2 h6 15.
Bxf6 Bxf6 16. f4 Nh4 17. f5 Rxe3 18. Rxe3 Bxd4 19. Nd1 Qg5 20. Kf2 Bxe3+ 21.
Nxe3 d4 22. Be4 dxe3+ 23. Qxe3 Nxf5 24. Qxg5 hxg5 25. Bb1 Nd6 26. Nf3 g4 27. Rd1
gxf3 28. Rxd6 Be6 29. Kxf3 Kf8 30. Rd2 Rc8 31. g4 c5 32. Kf4 c4 33. Bf5 Ke7 34.
Bxe6 Kxe6 35. Re2+ Kd6 36. Rd2+ Kc6 37. h4 Rc7 38. g5 g6 39. Ke5 b5 40. Rd5 Kb6
41. Kd4 Ka5 42. Kc3 Ka4 43. Rd6 a5 44. Ra6 Rd7 45. Rf6 Ra7 46. Rb6 Re7 47. Rf6
Rd7 48. Rf4 Rc7 49. Rf6 b4+ 50. axb4 axb4+ 51. Kc2 Re7 52. Rc6 Kb5 53. Rf6 Re2+
54. Kc1 Ka4 55. Rf3 Rh2 56. b3+ Ka3 57. bxc4+ b3 0-1

[Event "TCh-CHN 2012"]
[Site "Hangzhou CHN"]
[Date "2012.09.22"]
[Round "11"]
[White "Wang, Jue"]
[Black "Shen, Yang"]
[Result "1/2-1/2"]
[BlackTitle "WGM"]
[WhiteElo "2366"]
[BlackElo "2440"]
[WhiteTeam "Beijing AIGO Team"]
[BlackTeam "Jiangsu Taizhou Team"]
[WhiteFideId "8604070"]
[BlackFideId "8603162"]
[EventDate "2012.04.28"]

1. e4 e5 2. Nf3 Nc6 3. Bc4 Bc5 4. b4 Bxb4 5. c3 Be7 6. d4 Nf6 7. dxe5 Ng4 8. Qd5
O-O 9. h3 Nh6 10. O-O d6 11. exd6 Qxd6 12. Qh5 Qg6 13. Qxg6 hxg6 14. Bf4 Bd6 15.
Bxd6 cxd6 16. Rd1 Rd8 17. Na3 Kf8 18. Nb5 Ke7 19. Nc7 Rb8 20. Nd4 Nxd4 21. cxd4
g5 22. Rac1 Bd7 23. Bb3 Rdc8 24. Nd5+ Kd8 25. f4 gxf4 26. Nxf4 a5 27. e5 a4 28.
Bd5 Bc6 29. exd6 Kd7 30. Rc5 b6 31. Rc4 Kxd6 32. Bxc6 Rxc6 33. Rxa4 Rc2 34. Re1
g5 35. Nd3 g4 36. h4 Nf5 37. d5 Nxh4 38. Rxg4 Rh8 39. Nb4 Rb2 40. a3 Nf5 41. Rf4
Ng3 42. Rf6+ Kd7 43. Rxf7+ Kc8 44. Rc1+ Kd8 45. Rc2 Rxc2 46. Nxc2 Rh1+ 47. Kf2
Rf1+ 48. Kxg3 Rxf7 49. Nd4 Kd7 50. Nb5 Rf1 51. Kg4 Rb1 52. a4 Rb4+ 53. Kf5 Rxa4
54. Nc3 Rd4 55. g4 Rd3 56. Ne4 Rxd5+ 57. Kf6 Rd4 58. Ke5 Rd1 59. Nf6+ Kc7 60. g5
b5 61. g6 Rg1 62. Kf5 Kd6 63. g7 Rxg7 1/2-1/2

[Event "TCh-CHN 2012"]
[Site "Hangzhou CHN"]
[Date "2012.09.22"]
[Round "11"]
[White "Wang, Yu A."]
[Black "Guo, Qi"]
[Result "1/2-1/2"]
[WhiteTitle "IM"]
[BlackTitle "WGM"]
[WhiteElo "2372"]
[BlackElo "2351"]
[WhiteTeam "Beijing AIGO Team"]
[BlackTeam "Jiangsu Taizhou Team"]
[WhiteFideId "8601097"]
[BlackFideId "8604002"]
[EventDate "2012.04.28"]

1. e4 c6 2. d4 d5 3. exd5 cxd5 4. Bd3 Nc6 5. c3 Qc7 6. Ne2 Bg4 7. f3 Bh5 8. O-O
e6 9. Bf4 Bd6 10. Bxd6 Qxd6 11. Ng3 Bg6 12. f4 Nge7 13. Na3 O-O 14. Nc2 Rab8 15.
Ne3 b5 16. a3 a5 17. f5 exf5 18. Nexf5 Nxf5 19. Nxf5 Bxf5 20. Rxf5 g6 21. Rf3 b4
22. axb4 axb4 23. Qd2 bxc3 24. bxc3 f5 25. Re1 Rbe8 26. Rfe3 Rxe3 27. Qxe3 Kg7
28. Bb5 Rf7 29. Bxc6 Qxc6 30. Qe5+ Kg8 31. Ra1 f4 32. h3 Rf5 33. Qb8+ Rf8 34.
Qe5 Rf5 35. Qb8+ Rf8 36. Qe5 Rf5 1/2-1/2

[Event "TCh-CHN 2012"]
[Site "Hangzhou CHN"]
[Date "2012.09.23"]
[Round "12"]
[White "Ni, Shiqun"]
[Black "Kuang, Yinghui"]
[Result "1/2-1/2"]
[BlackTitle "WIM"]
[WhiteElo "2157"]
[BlackElo "2205"]
[WhiteTeam "Shanghai Jianqiao Academy Team"]
[BlackTeam "Guangdong Huateng Club Team"]
[WhiteFideId "8608466"]
[BlackFideId "8600988"]
[EventDate "2012.04.28"]

1. e4 e5 2. Nf3 Nc6 3. Bc4 Be7 4. d4 d6 5. dxe5 dxe5 6. Qxd8+ Bxd8 7. Nc3 Bg4 8.
Bb5 Bxf3 9. Bxc6+ bxc6 10. gxf3 Rb8 11. Rg1 Ne7 12. Na4 g6 13. b3 Nc8 14. f4
exf4 15. Bxf4 Nd6 16. O-O-O Be7 17. f3 O-O 18. Be3 Ra8 19. Bc5 Rfe8 20. Rd3 a5
21. Nb2 Bf8 22. a4 Re5 23. Be3 Rh5 24. Bf4 Rh3 25. Bg3 c5 26. Rc3 Bg7 27. e5
Bh6+ 28. Kb1 Nf5 29. Nc4 Nd4 30. Re1 Nf5 31. Rg1 Nd4 32. Re1 Nf5 33. Rg1 Bg7 1/2-1/2

[Event "TCh-CHN 2012"]
[Site "Hangzhou CHN"]
[Date "2012.09.23"]
[Round "12"]
[White "Zhang, Xiaowen"]
[Black "Liu, Manli"]
[Result "1/2-1/2"]
[WhiteTitle "WGM"]
[WhiteElo "2354"]
[BlackElo "2105"]
[WhiteTeam "Shanghai Jianqiao Academy Team"]
[BlackTeam "Guangdong Huateng Club Team"]
[WhiteFideId "8603219"]
[BlackFideId "8608121"]
[EventDate "2012.04.28"]

1. e4 e6 2. d4 d5 3. Nd2 c5 4. exd5 Qxd5 5. dxc5 Bxc5 6. Ngf3 Nc6 7. Bc4 Qd7 8.
O-O Nf6 9. Qe2 O-O 10. Ne4 Be7 11. c3 Qc7 12. Bd3 Rd8 13. Nxf6+ Bxf6 14. Qe4 g6
15. Bg5 Qe7 16. Bxf6 Qxf6 17. Bb5 Ne7 18. Rad1 Nf5 19. Qf4 Qe7 20. Ne5 f6 21.
Ng4 Kg7 22. Rxd8 Qxd8 23. Ba4 e5 24. Qf3 Qc7 25. Ne3 Be6 26. Nxf5+ Bxf5 27. Rd1
Be6 28. Bb3 Bxb3 29. axb3 Re8 30. Qd5 Re7 31. c4 e4 32. b4 Qb6 33. Qd6 Qxd6 34.
Rxd6 Rc7 35. b3 Kf7 36. f3 exf3 37. gxf3 1/2-1/2

[Event "TCh-CHN 2012"]
[Site "Hangzhou CHN"]
[Date "2012.09.23"]
[Round "12"]
[White "Liu, Chang"]
[Black "Lou, Yiping"]
[Result "1/2-1/2"]
[BlackTitle "IM"]
[WhiteElo "2262"]
[BlackElo "2419"]
[WhiteTeam "Guangdong Huateng Club Team"]
[BlackTeam "Shanghai Jianqiao Academy Team"]
[WhiteFideId "8606340"]
[BlackFideId "8603928"]
[EventDate "2012.04.28"]

1. c4 c5 2. Nc3 Nc6 3. g3 g6 4. Bg2 Bg7 5. Nf3 e6 6. O-O Nge7 7. d3 O-O 8. Bf4
d5 9. Qd2 b6 10. Bh6 dxc4 11. Bxg7 Kxg7 12. dxc4 Qxd2 13. Nxd2 Bb7 14. Rfd1 Rad8
15. b3 Na5 16. Bxb7 Nxb7 17. Nf3 Nc6 18. Kf1 h6 19. h4 f5 20. e3 Kf6 21. Ke2
Rxd1 22. Rxd1 Rd8 23. Rg1 h5 24. Rd1 Rxd1 25. Kxd1 Nd6 26. Nd2 Kf7 27. Ke2 Ne7
28. f4 Nc6 29. Nb5 Ke7 30. Nc3 Kf7 31. Nb5 Ke7 32. Nc3 Kf7 1/2-1/2

[Event "TCh-CHN 2012"]
[Site "Hangzhou CHN"]
[Date "2012.09.23"]
[Round "12"]
[White "Zeng, Chongsheng"]
[Black "Zhou, Jianchao"]
[Result "0-1"]
[WhiteTitle "IM"]
[BlackTitle "GM"]
[WhiteElo "2435"]
[BlackElo "2625"]
[WhiteTeam "Guangdong Huateng Club Team"]
[BlackTeam "Shanghai Jianqiao Academy Team"]
[WhiteFideId "8603847"]
[BlackFideId "8603537"]
[EventDate "2012.04.28"]

1. c4 c5 2. Nf3 Nc6 3. Nc3 g6 4. e3 Nf6 5. d4 cxd4 6. exd4 d5 7. Bg5 Be6 8. Qb3
Na5 9. Qb4 Bg7 10. cxd5 Nxd5 11. Qa4+ Nc6 12. Bb5 O-O 13. O-O h6 14. Bh4 Nxc3
15. bxc3 Bd5 16. Rfe1 a6 17. Bxc6 Bxc6 18. Qb4 Bf6 19. Bxf6 exf6 20. Re3 b5 21.
Nd2 Kg7 22. Ne4 Re8 23. Nd6 Rxe3 24. fxe3 Qd7 25. e4 Rd8 26. e5 fxe5 27. dxe5
Qa7+ 28. Qd4 Qxd4+ 29. cxd4 b4 30. Rc1 Bd5 31. Rc2 Rb8 32. Kf2 a5 33. Ke3 a4 34.
Ne4 b3 35. axb3 Rxb3+ 36. Nc3 a3 37. Kd3 a2 38. Rc1 Be4+ 39. Kc4 Rb2 40. Ra1 Bb1
41. h4 Kf8 42. g4 h5 43. g5 Ke7 44. d5 Kd7 45. Na4 Rh2 46. Nc3 Rxh4+ 47. Kc5 Bd3
48. Rxa2 Rc4+ 49. Kb6 Rxc3 50. Ra7+ Ke8 51. Ra8+ Ke7 52. d6+ Kd7 53. Ra7+ Kd8
54. Rxf7 Bf5 55. Re7 Re3 56. Kc6 h4 57. Kd5 Rd3+ 58. Kc6 Be4+ 59. Kc5 Rd5+ 60.
Kc4 h3 61. Rh7 Rxe5 62. Kd4 Re6 63. Rxh3 Kd7 64. Ra3 Kxd6 65. Ra6+ Bc6 0-1

[Event "TCh-CHN 2012"]
[Site "Hangzhou CHN"]
[Date "2012.09.23"]
[Round "12"]
[White "Vitiugov, Nikita"]
[Black "Gao, Rui"]
[Result "1/2-1/2"]
[WhiteTitle "GM"]
[BlackTitle "IM"]
[WhiteElo "2709"]
[BlackElo "2417"]
[WhiteTeam "Hebei Sports Lottery Team"]
[BlackTeam "Chongqing Team"]
[WhiteFideId "4152956"]
[BlackFideId "8602387"]
[EventDate "2012.04.28"]

1. c4 Nf6 2. Nc3 c5 3. g3 g6 4. Bg2 Bg7 5. Nf3 d5 6. cxd5 Nxd5 7. Qa4+ Nc6 8.
O-O O-O 9. Qc4 Nxc3 10. dxc3 Qb6 11. Qh4 Rd8 12. Re1 Bd7 13. Rb1 h5 14. Ng5 Ne5
15. Bf4 Bc6 16. Bxe5 Bxe5 17. Qc4 Rf8 18. Bxc6 Qxc6 19. Rbd1 Bf6 20. Ne4 Rac8
21. Rd5 b6 22. Red1 Bg7 23. a4 Qc7 24. R1d3 Rcd8 25. Qb5 Rxd5 26. Rxd5 Rd8 27.
Qd3 Rxd5 28. Qxd5 Qc8 29. h4 Bf6 30. b3 Kg7 31. Kg2 Qa6 32. c4 Qa5 33. Qd1 Qb4
34. e3 Qa3 35. Qb1 Bb2 36. Qd1 Bf6 37. Qb1 Bb2 38. Qd1 Bf6 39. Qb1 1/2-1/2

[Event "TCh-CHN 2012"]
[Site "Hangzhou CHN"]
[Date "2012.09.23"]
[Round "12"]
[White "Ma, Zhonghan"]
[Black "Ma, Qun"]
[Result "1/2-1/2"]
[WhiteElo "2369"]
[BlackElo "2481"]
[WhiteTeam "Qingdao School Team"]
[BlackTeam "Tianjin Qin Huangdao Team"]
[WhiteFideId "8607206"]
[BlackFideId "8603154"]
[EventDate "2012.04.28"]

1. d4 d5 2. c4 c6 3. Nf3 Nf6 4. e3 Bf5 5. cxd5 cxd5 6. Qb3 Qc7 7. Bd2 a6 8. Nc3
e6 9. Rc1 Nc6 10. Ne5 Bd6 11. Be2 O-O 12. O-O Bxe5 13. dxe5 Ne4 14. Nxe4 Bxe4
15. f3 Bg6 16. Bb4 Rfc8 17. Bd6 Qd7 18. Qb6 Ne7 19. Rc7 Rxc7 20. Qxc7 Qxc7 21.
Bxc7 Rc8 22. Rc1 Bb1 23. a3 Ba2 24. Rc5 Bc4 25. Bd1 Ng6 26. f4 Nf8 27. Bd6 Rxc5
28. Bxc5 Nd7 29. Bd4 Bd3 30. Kf2 f6 31. exf6 Nxf6 32. h3 Kf7 33. Ke1 Ne4 34. g4
g6 35. h4 Ke7 36. g5 Kd7 37. h5 Kc6 38. Bg4 Kd7 39. h6 Ke7 40. Bd1 Kd6 41. Ba4
b5 42. Bd1 Kc6 43. Bg4 Kd7 44. Be5 a5 45. Bd4 a4 46. Bd1 1/2-1/2

[Event "TCh-CHN 2012"]
[Site "Hangzhou CHN"]
[Date "2012.09.23"]
[Round "12"]
[White "Ning, Chunhong"]
[Black "Pham, Le Thao Nguyen"]
[Result "0-1"]
[WhiteTitle "WGM"]
[BlackTitle "WGM"]
[WhiteElo "2328"]
[BlackElo "2351"]
[WhiteTeam "Tianjin Qin Huangdao Team"]
[BlackTeam "Qingdao School Team"]
[WhiteFideId "8600376"]
[BlackFideId "12401226"]
[EventDate "2012.04.28"]

1. e4 e5 2. Nf3 Nf6 3. Nc3 Nc6 4. Bb5 Nd4 5. Bc4 Bc5 6. d3 d6 7. Na4 Qe7 8. Nxc5
dxc5 9. c3 Nc6 10. h3 Bd7 11. Be3 h6 12. a4 b6 13. O-O Rd8 14. Qe2 O-O 15. Nd2
Na5 16. f4 Nxc4 17. Nxc4 exf4 18. Rxf4 Nh7 19. Rf3 f5 20. exf5 Bxf5 21. Rd1 Qe6
22. b3 Nf6 23. d4 cxd4 24. Rxd4 Rde8 25. Qd1 Be4 26. Rg3 Kh8 27. Bf4 c5 28. Rd6
Qf5 29. Be3 Bc2 30. Qc1 Qh7 31. Nd2 Nh5 32. Rf3 Rxf3 33. Nxf3 Ng3 34. Kh2 Nf5
35. Qxc2 Nxd6 36. Qd2 Qg6 37. Bf4 Ne4 38. Qd7 Rf8 39. Be5 Rf7 40. Qe8+ Kh7 41.
Nh4 Nf6 42. Qe6 Qh5 43. Bxf6 Rxf6 44. Qe4+ Kg8 45. b4 cxb4 46. cxb4 a5 47. bxa5
bxa5 48. Qc4+ Rf7 49. Nf3 Qf5 50. Kh1 Kh7 51. Qb3 Rc7 52. Qe3 Rc4 53. Qa3 Qc2 0-1

[Event "TCh-CHN 2012"]
[Site "Hangzhou CHN"]
[Date "2012.09.23"]
[Round "12"]
[White "Danielian, Elina"]
[Black "Gong, Qianyun"]
[Result "1/2-1/2"]
[WhiteTitle "GM"]
[BlackTitle "WIM"]
[WhiteElo "2478"]
[BlackElo "2302"]
[WhiteTeam "Tianjin Qin Huangdao Team"]
[BlackTeam "Qingdao School Team"]
[WhiteFideId "13300210"]
[BlackFideId "8602425"]
[EventDate "2012.04.28"]

1. d4 Nf6 2. Nf3 c5 3. d5 b5 4. Bg5 Ne4 5. Qd3 Nxg5 6. Nxg5 g6 7. Qxb5 e6 8. h4
exd5 9. Nc3 h6 10. Nh3 Ba6 11. Qa4 Bb7 12. e3 Bg7 13. Qb3 Qb6 14. Nf4 d4 15.
exd4 Bxd4 16. Nb5 Be5 17. Qe3 Kd8 18. Qxe5 Re8 19. Qxe8+ Kxe8 20. O-O-O Kf8 21.
Nd6 Ba6 22. Bxa6 Nxa6 23. Rh3 Kg7 24. Rf3 Rb8 25. b3 Rf8 26. h5 Nb4 27. a3 Nc6
28. Nc4 Qd8 29. hxg6 Nd4 30. Nh5+ Kg8 31. g7 Nxf3 32. gxf8=Q+ Kxf8 33. Rd5 Nd4
34. Rxc5 d5 35. Ne3 Ne2+ 36. Kb2 Nf4 37. Nxf4 Qf6+ 38. Kb1 Qxf4 39. Rxd5 Qxf2
40. Rd3 h5 41. a4 h4 42. Kb2 f5 43. a5 Qf4 44. Nc4 Qg4 45. Rh3 Qg7+ 46. Kb1 Qd4
47. Ne3 f4 48. Nc4 Qg1+ 49. Kb2 Qxg2 50. Rxh4 Qg5 51. Rh8+ Kg7 52. Rh1 f3 53.
Rf1 Qg2 54. Rd1 Qe2 55. Rd7+ Kf6 56. Rd2 Qe1 57. Rd6+ Ke7 58. Rd5 f2 59. Nd2
Qxd2 60. Rxd2 f1=Q 61. Rd5 Qf6+ 62. Kb1 Qc3 63. Rh5 Kd6 64. Rf5 Kc6 65. Rh5 Qf6
66. Rh7 Qd4 67. Rf7 Kb5 68. Rc7 Kxa5 69. Rc4 Qe5 70. Ra4+ Kb6 71. Rc4 Qe1+ 72.
Kb2 Qe5+ 73. Kb1 Qe1+ 74. Kb2 1/2-1/2

[Event "TCh-CHN 2012"]
[Site "Hangzhou CHN"]
[Date "2012.09.23"]
[Round "12"]
[White "Bu, Xiangzhi"]
[Black "Li, Chao b"]
[Result "1/2-1/2"]
[WhiteTitle "GM"]
[BlackTitle "GM"]
[WhiteElo "2668"]
[BlackElo "2703"]
[WhiteTeam "Shandong Gree Team"]
[BlackTeam "Beijing AIGO Team"]
[WhiteFideId "8601445"]
[BlackFideId "8604436"]
[EventDate "2012.04.28"]

1. Nf3 Nf6 2. c4 g6 3. b3 Bg7 4. Bb2 O-O 5. e3 d6 6. d4 e5 7. dxe5 Ng4 8. Nc3
Nxe5 9. Be2 a5 10. O-O Na6 11. Qd2 Nc5 12. Rad1 Re8 13. Rfe1 Ng4 14. Nd4 h5 15.
h3 Nf6 16. Qc2 c6 17. Bf1 Qb6 18. Ba3 Bd7 19. g3 Rad8 20. Bg2 Nh7 21. Kh2 Bc8
22. Rd2 Qc7 23. Red1 Bf8 24. Kh1 Bd7 25. Bb2 Bg7 26. Ba3 Bf8 27. Kg1 Qc8 28. Kh2
Qc7 29. Nf3 Bf5 30. Qc1 Bg7 31. Nh4 Bc8 32. Qc2 Nf8 33. Ne4 Nxe4 34. Bxe4 Re6
35. Bg2 Nh7 36. Nf3 Bf8 37. Bb2 Ree8 38. Qc3 f6 39. Nd4 h4 40. Ne2 hxg3+ 41.
Nxg3 Bg7 42. Kg1 Re7 43. Ba3 Re6 44. Ne2 f5 45. Qc2 g5 46. Ng3 f4 47. Nf5 Be5
48. Nd4 Rh6 49. Nf3 fxe3 50. fxe3 Bg7 51. Nd4 Qe7 52. Qe4 Qxe4 53. Bxe4 Bxh3 54.
Nf5 Re6 55. Bc2 Bxf5 56. Bxf5 Rxe3 57. Rxd6 Rxd6 58. Rxd6 Nf6 59. Rd8+ Kf7 60.
Rb8 g4 61. Rxb7+ Kg8 62. Rb8+ Kf7 63. Rb7+ Kg8 64. Re7 Rg3+ 65. Kh2 Rf3 66. Be6+
Kh8 67. Kg2 Bf8 68. Bxg4 Bxe7 69. Bxe7 Rf4 70. Bf3 Ne4 71. Bd8 a4 72. Bc7 Rh4
73. Bd8 axb3 74. axb3 Rf4 75. Bc7 Rh4 1/2-1/2

[Event "TCh-CHN 2012"]
[Site "Hangzhou CHN"]
[Date "2012.09.24"]
[Round "13"]
[White "Ding, Yixin"]
[Black "Huang, Qian"]
[Result "1/2-1/2"]
[WhiteTitle "WGM"]
[BlackTitle "WGM"]
[WhiteElo "2350"]
[BlackElo "2399"]
[WhiteTeam "Zhejiang Yinzhou Team"]
[BlackTeam "Chongqing Team"]
[WhiteFideId "8602972"]
[BlackFideId "8602689"]
[EventDate "2012.04.28"]

1. e4 d5 2. exd5 Qxd5 3. Nc3 Qd6 4. d4 Nf6 5. Nf3 Bg4 6. Be2 c6 7. h3 Bxf3 8.
Bxf3 e6 9. O-O Nbd7 10. Re1 Be7 11. Ne4 Nxe4 12. Bxe4 Nf6 13. Bf3 O-O 14. Bg5 h6
15. Bh4 Rfd8 16. c3 Qc7 17. Qb3 Nd5 18. Bg3 Bd6 19. Bxd6 Rxd6 20. Re5 Rad8 21.
g3 R6d7 22. Rae1 Rd6 23. Kg2 R6d7 24. R1e2 Rd6 25. Re1 R6d7 26. R1e2 Rd6 27. Re1
R6d7 28. R1e2 Rd6 29. Re1 R6d7 30. R1e2 Rd6 1/2-1/2

[Event "TCh-CHN 2012"]
[Site "Hangzhou CHN"]
[Date "2012.09.24"]
[Round "13"]
[White "Wang, Xiaohui"]
[Black "Tan, Zhongyi"]
[Result "0-1"]
[WhiteTitle "WIM"]
[BlackTitle "WGM"]
[WhiteElo "2209"]
[BlackElo "2438"]
[WhiteTeam "Zhejiang Yinzhou Team"]
[BlackTeam "Chongqing Team"]
[WhiteFideId "8603073"]
[BlackFideId "8603642"]
[EventDate "2012.04.28"]

1. d4 d5 2. c4 e6 3. Nf3 Nf6 4. Nc3 Bb4 5. cxd5 exd5 6. Bg5 Nbd7 7. e3 c5 8. Be2
Qa5 9. O-O Bxc3 10. bxc3 Ne4 11. dxc5 Nxc3 12. Qc2 Nxe2+ 13. Qxe2 Nxc5 14. Rfd1
Ne4 15. Qb2 O-O 16. Bf4 b6 17. Nd4 Bd7 18. Nb3 Qc3 19. Qa3 Qc2 20. f3 Bh3 21.
Nd2 Nxd2 22. gxh3 Nxf3+ 23. Kh1 Nh4 0-1

[Event "TCh-CHN 2012"]
[Site "Hangzhou CHN"]
[Date "2012.09.24"]
[Round "13"]
[White "Gao, Rui"]
[Black "Lu, Shanglei"]
[Result "1-0"]
[WhiteTitle "IM"]
[BlackTitle "GM"]
[WhiteElo "2417"]
[BlackElo "2514"]
[WhiteTeam "Chongqing Team"]
[BlackTeam "Zhejiang Yinzhou Team"]
[WhiteFideId "8602387"]
[BlackFideId "8603332"]
[EventDate "2012.04.28"]

1. e4 c5 2. Nf3 d6 3. d4 cxd4 4. Nxd4 Nf6 5. Nc3 g6 6. Be3 Bg7 7. f3 Nc6 8. Qd2
O-O 9. Bc4 Bd7 10. h4 Ne5 11. Bb3 h5 12. O-O-O Rc8 13. Bg5 Rc5 14. Kb1 Re8 15.
Bh6 Nc4 16. Bxc4 Rxc4 17. Bxg7 Kxg7 18. Nd5 e6 19. Ne3 Rc8 20. Nb3 Qb6 21. Rhe1
d5 22. e5 Ng8 23. g4 hxg4 24. Nxg4 Rc4 25. h5 Rec8 26. Rc1 Ba4 27. hxg6 fxg6 28.
Rh1 Qc7 29. Nd4 Rxd4 30. Qxd4 Bxc2+ 31. Ka1 Qa5 32. Qf4 Rc4 33. Rh7+ Kxh7 34.
Qf7+ 1-0

[Event "TCh-CHN 2012"]
[Site "Hangzhou CHN"]
[Date "2012.09.24"]
[Round "13"]
[White "Wang, Chen"]
[Black "Yu, Lie"]
[Result "1-0"]
[WhiteTitle "IM"]
[BlackTitle "IM"]
[WhiteElo "2490"]
[BlackElo "2417"]
[WhiteTeam "Chongqing Team"]
[BlackTeam "Zhejiang Yinzhou Team"]
[WhiteFideId "8601020"]
[BlackFideId "8603715"]
[EventDate "2012.04.28"]

1. e4 e6 2. Qe2 c5 3. g3 Nc6 4. Nf3 g6 5. Bg2 Bg7 6. O-O Nge7 7. c3 e5 8. d3 O-O
9. Nbd2 d6 10. a3 h6 11. b4 a6 12. Bb2 Be6 13. Rfd1 Rc8 14. Nf1 f5 15. exf5 Nxf5
16. bxc5 dxc5 17. N1d2 Nd6 18. a4 Re8 19. Ba3 Qa5 20. Rdc1 Bf7 21. Ne4 Nxe4 22.
Qxe4 Qc7 23. Nd2 Na5 24. Rab1 Rb8 25. Nf1 c4 26. Ne3 cxd3 27. Qxd3 Rbd8 28. Qc2
Kh7 29. Be4 Rd7 30. Rb2 Red8 31. Rcb1 Rc8 32. Rb6 Nc6 33. a5 Qd8 34. Qa4 Rcc7
35. Bxc6 bxc6 36. Rxa6 e4 37. Rxc6 Bxc3 38. a6 Bd4 39. Rxc7 Rxc7 40. Rd1 Rc4 41.
Nxc4 Bxf2+ 42. Kxf2 Qf6+ 43. Kg1 1-0

[Event "TCh-CHN 2012"]
[Site "Hangzhou CHN"]
[Date "2012.09.24"]
[Round "13"]
[White "Motylev, Alexander"]
[Black "Ding, Liren"]
[Result "0-1"]
[WhiteTitle "GM"]
[BlackTitle "GM"]
[WhiteElo "2683"]
[BlackElo "2660"]
[WhiteTeam "Chongqing Team"]
[BlackTeam "Zhejiang Yinzhou Team"]
[WhiteFideId "4121830"]
[BlackFideId "8603677"]
[EventDate "2012.04.28"]

1. e4 c6 2. d4 d5 3. e5 Bf5 4. Nf3 e6 5. Be2 Ne7 6. O-O h6 7. Nbd2 Nd7 8. Nb3 g5
9. Ne1 Qc7 10. f4 c5 11. c3 O-O-O 12. Bh5 c4 13. Nd2 f6 14. g4 Bh7 15. Ndf3 gxf4
16. Bxf4 Nc6 17. Qe2 fxe5 18. Nxe5 Ndxe5 19. Bxe5 Nxe5 20. Qxe5 Qxe5 21. dxe5
Bc5+ 22. Kg2 Rdf8 23. Rf6 Be7 24. Rxe6 Kd7 25. Rg6 Bxg6 26. Bxg6 Rhg8 27. Bh5
Rf5 28. Kh3 Rxe5 29. Nf3 Re3 30. Rf1 Rf8 31. Kg2 Re2+ 32. Kh3 Rxb2 33. Ne5+ Kc7
34. Nf7 Bd6 0-1